Name the Historical Painting - Statistics

General Stats
  • This quiz has been taken 62 times
  • The average score is 8 of 15
Answer Stats
Picture Answer % Correct
Mona Lisa
98%
The Scream
94%
Starry Night
92%
The Last Supper
90%
Girl With A Pearl Earring
76%
American Gothic
63%
Guernica
61%
The Creation of Adam
53%
Nighthawks
47%
The Night Watch
45%
Impression Sunrise
37%
Vitruvian Man
31%
The Arnolfini Portrait
27%
The Harvesters
10%
Kiss of Judas
6%
No matching quizzes found
Score Distribution
Percent of People with Each Score
Percentile by Number Answered
Your Score History
You have not taken this quiz